000 00343pam a2200157a 44500
008 230405s2023 xxu||||| |||| 00| 0 eng d
041 _aENG
100 _aKitchen Philip
245 _aCommunicating Globally
250 _a1
260 _a
_bNtc Businse
_c2023
300 _a280p,23cm
440 _a695
690 _aIMRDA
906 _a5019
999 _c257878
_d257878